000
00331 a2200157 4500
001
65454
020
_a
9788574064888 (broch.)
040
_c
Anchieta - Pituba
100
_a
Price, Nick
240
1
0
_a
Bafinhaca
_l
por
245
1
0
_a
Bafinhaca
300
_a
271p.
362
0
_a
2011
650
4
_a
Literatura juvenil
942
_c
BK
999
_c
65454
_d
65454